Statistiken für Bundesliga Torschützen 2020/2021

Klicken Sie hier um das Quiz zu spielen!

Allgemein

  • Dieses Quiz wurde 713 mal gespielt
  • Das Durchschnittsergebnis liegt bei 8 aus 12

Antwortstatistiken

ToreVereinSpieler% Korrekt
41FC Bayern MünchenRobert Lewandowski
99%
27Borussia DortmundErling Haaland
94%
11FC Bayern MünchenThomas Müller
89%
10FC Bayern MünchenSerge Gnabry
86%
201899 HoffenheimAndrej Kramarić
80%
28Eintracht FrankfurtAndré Silva
74%
20VfL WolfsburgWout Weghorst
72%
11Union BerlinMax Kruse
65%
14Borussia MönchengladbachLars Stindl
61%
16VfB StuttgartSaša Kalajdžić
50%
11Bayer LeverkusenLucas Alario
43%
11VfB StuttgartSilas Wamangituka
37%

Verteilung der Resultate

Perzentil nach korrekt beantworteten Fragen

Anzahl Personen mit jedem Resultat

Ihre Resultats-Entwicklung

Sie haben dieses Quiz noch nicht gespielt